| 000 | 01698ctm a22002891i 4500 | ||
|---|---|---|---|
| 003 | SA-RiAUC | ||
| 005 | 20251212131832.0 | ||
| 008 | 251210s1986____su f bm 000 0 ara c | ||
| 040 |
_aSA-JeALM _bara _cSA-RiAUC _erda |
||
| 082 | 0 | 4 |
_a236.4 _qSA-RiAUC |
| 090 |
_aر 236.4 _bو ل د |
||
| 100 | 1 |
_aولد كريم، محمد عبد الله، _dتوفي 2015 _eمؤلف. |
|
| 245 | 1 | 2 |
_aالقسم الأول من كتاب القبس في شرح موطأ مالك بن أنس لأبي بكر بن العربي المعافري، ت 543 هـ. : _bدراسة وتحقيق / _cإعداد محمد عبد الله ولد كريم ؛ إشراف عبد العال أحمد عبد العال. |
| 264 | 0 |
_aمكة المكرمة : _bجامعة أم القرى . _c1986 |
|
| 300 |
_a2 مجلد ؛ _c30 سم |
||
| 336 |
_aنص _btxt _2rdacontent _3أطروحة |
||
| 337 |
_aبدون وسيط _bn _2rdamedia |
||
| 338 |
_aمجلد _bnc _2rdacarrier |
||
| 502 |
_bدكتوراه _cجامعة أم القرى، كلية الشريعة للدراسات الإسلامية، قسم الكتاب والسنة _d1406 هجري. |
||
| 504 | _aيشتمل على ببليوجرافية. | ||
| 650 | 7 |
_aالحديث _xمسند ابن مالك _2aucsh |
|
| 700 | 1 | 2 |
_iشرح لـ (عمل) : _aالإمام مالك، مالك بن أنس بن مالك، _d93-179 هجري. _tالموطأ |
| 700 | 1 | 2 |
_iشرح لـ (عمل) : _aأبو بكر بن العربي، محمد بن عبد الله بن محمد، _d468-543 هجري. _tالقبس في شرح موطأ مالك بن أنس |
| 700 |
_aعبدالعال، عبدالعال أحمد _eمشرف . |
||
| 942 |
_2ddc _cTHESES _n0 |
||
| 949 |
_aSA-JeALM _d251210 _uosman123 _n1 |
||
| 999 |
_c13486 _d13486 |
||